000
00269nam a22001097a 4500
082
_a
536.7 ZEM'H
100
_a
ZEMANSKY, M. W
_9
76009
245
_a
HEAT AND THERMODYNAMICS AN INTRODUCTION TEXTBOOK
260
_a
TOKYO
_b
MCGRAW HILL
_c
1968
300
_a
658P
942
_c
BK
999
_c
581411
_d
581411